Beatles Lyrics Quiz (Part 006) - Statistics

General Stats
  • This quiz has been taken 163 times
    162 since last reset
  • The average score is 227 of 372
Answer Stats
Answer % Correct
I
100%
a
99%
the
94%
you
93%
he
91%
And
89%
and
89%
she
84%
to
84%
in
81%
In
81%
is
80%
your
80%
her
78%
it
78%
on,
76%
on
76%
(ha
71%
ha
71%
ha)
71%
(Ha
71%
if
67%
him
66%
of
66%
Of
66%
Life
65%
life
65%
They
64%
by
63%
want
62%
like
61%
as
60%
does
60%
goes
60%
has
58%
have
58%
his
58%
how
57%
With
57%
with
57%
at
56%
this
56%
"Girl,
55%
says
55%
Yeah
55%
Yeah!
55%
Take
54%
Desmond
53%
face"
53%
face
53%
hand
53%
(la
53%
la
53%
la)
53%
La,
53%
La
53%
la,
53%
sing
53%
(sing)
53%
market
52%
ob-la-da
52%
Ob-la-di,
51%
band
50%
ever
50%
Molly
49%
Molly,
49%
singer
49%
back
47%
bra
47%
marketplace
47%
place
46%
takes
46%
Takes
46%
couple
45%
sweet
45%
years
45%
home
44%
(home:
44%
H-O-M-E)
44%
built
43%
gives
43%
pretty
43%
evening
42%
kids
42%
La-la,
42%
lets
42%
ring
42%
(ring)
42%
she's
42%
some
42%
children
41%
Jones
41%
Yes!
41%
barrow
40%
begins
40%
yard
40%
after
39%
lend
39%
Buys
38%
Happy
38%
running
38%
store
38%
stays
37%
twenty
37%
carat
36%
door
36%
golden
36%
still
36%
waiting
36%
Hey!
35%
sings
34%
fun
29%
trolley
28%
Ahh...
19%
jeweler's
18%
Thank
17%
Ob-la-di-bla-da
13%
(arm!)
8%
(leg!)
6%
(foot!)
3%
No matching quizzes found
Score Distribution
Percent of People with Each Score
Percentile by Number Answered
Your Score History
You have not taken this quiz since the last reset